Normal view
MARC view
Entry Personal Name
001 - CONTROL NUMBER
- control field: 17936
003 - CONTROL NUMBER IDENTIFIER
- control field: ARRUPE
005 - DATE AND TIME OF LATEST TRANSACTION
- control field: 20150528111929.0
008 - FIXED-LENGTH DATA ELEMENTS
- fixed length control field: 150528|| aca||aabn | a|a d
040 ## - CATALOGING SOURCE
- Original cataloging agency: ARRUPE
- Transcribing agency: ARRUPE
100 ## - HEADING--PERSONAL NAME
- Personal name: Anderson, Margaret Dampier
670 ## - SOURCE DATA FOUND
- Source citation: Work cat.: (ARRUPE)122783: Dampier, William C.D. (ed.) 17612, Readings in the literature of science , 1959